000 00834nam a2200277 4500
001 3623649
005 20260218062136.0
006 000
007 000
008 000
010 _a 74017280
020 _a0132146355
040 _aUOEL
_cDLC
_dDLC
050 0 0 _aTK5102.5
_b.O24 1975
082 0 0 _a621.3819/58/2
100 1 _aOppenheim, Alan V.,
_d1937-
245 1 0 _aDigital signal processing /
_cAlan V. Oppenheim and Ronald W. Schafer
260 _aEnglewood Cliffs, N.J. :
_bPrentice-Hall,
_cc1975.
300 _axiv, 585 p. :
_billus.
_c24 cm.
504 _aIncludes bibliographical references.
650 0 _aSignal theory (Telecommunication)
_xElectronics
650 0 _aDigital electronics.
700 1 _aSchafer, Ronald W.,
_d1938-
_ejoint author.
906 _a7
_bcbc
_corignew
_d1
_eocip
_f19
_gy-gencatlg
942 _2lcc
_cBK
999 _c6352
_d6352